000
00276nam a2200121Ia 4500
008
190216s9999||||xx |||||||||||||| ||und||
100
_a
Dasan
245
0
_a
Swapna Vasavadatha
260
_b
Calicut University Publications
300
_a
118
650
_a
Nadakam
942
_c
BK
999
_c
27289
_d
27289